Culture Générale - Série 2545 - Statistiques

Statistiques générales
  • Ce quiz a été pris 141 fois
  • Le résultat moyen est 5 sur 10
Statistiques - réponses
Question Réponse % Correct
Quelle est la capitale de la Bolivie ? Sucre
80%
A qui doit-on "Lettres persanes", De l'esprit des lois") Montesquieu
77%
Plat traditionnel des Balkans et du Moyen-Orient, mais le plus souvent associé à la Grèce ou la Turquie, composé d'aubergines grillées, d'oignons et de tomates. La fameuse version grecque contient également de la viande hachée de mouton moussaka
75%
Qui a été la première femme candidate à l’élection présidentielle en France, en 1974 ? prénom et nom - voir photo Arlette Laguiller
64%
Quel est le nom du personnage principal de « L’Avare », de Molière ? Harpagon
60%
Dans son roman "La peste" de quelle ville Albert Camus raconte-t-il la vie des habitants, dans les années 1940 ? Oran
48%
Qui a écrit "Quatre-vingt-treize" roman retraçant la révolution française ? prénom et nom Victor Hugo
39%
Quel est le titre du roman pour lequel Marguerite Duras a obtenu le prix Goncourt en1984 ? l'amant
37%
Sous quel pseudonyme Boris Vian a-t-il écrit « J’irai cracher sur vos tombes » ? Vernon Sullivan
20%
Quelle femme peintre a été le grand amour de Guillaume Apollinaire ? prénom et nom Marie Laurencin
9%
Aucun quiz correspondant
Distribution des résultats
% des personnes avec chaque résultat
Percentile par nombre de réponses
Votre historique - résultats
Vous n’avez pas pris ce quiz